Wirtschaftliche Entwicklung und sozialer Wandel
| Contributors: | |
|---|---|
| Format: | Print Book |
| Language: | German |
| Subito Delivery Service: | Order now. |
| Check availability: | HBZ Gateway |
| WorldCat: | WorldCat |
| Interlibrary Loan: | Interlibrary Loan for the Fachinformationsdienste (Specialized Information Services in Germany) |
| Published: |
Darmstadt
Wiss. Buchges.
1981
|
| In: |
Wege der Forschung (Bd. 493)
Year: 1981 |
| Series/Journal: | Wege der Forschung
Bd. 493 |
| Standardized Subjects / Keyword chains: | B
Economic development
/ Social change
|
| Further subjects: | B
Economics
B Africa Socioeconomic change Soziopolitischer Wandel Sociology Development theory Economics Economic growth B Socioeconomic change B Sociology B Economic growth B Political change B Africa B Development theory B Social change |
| Online Access: |
Cover (Publisher) |
MARC
| LEADER | 00000cam a2200000 c 4500 | ||
|---|---|---|---|
| 001 | 024231894 | ||
| 003 | DE-627 | ||
| 005 | 20251219210749.0 | ||
| 007 | tu | ||
| 008 | 710101s1981 gw ||||| 00| ||ger c | ||
| 015 | |a 81,N44,0076 |2 dnb | ||
| 015 | |a 82,A11,0418 |2 dnb | ||
| 016 | 7 | |a 810968347 |2 DE-101 | |
| 020 | |a 353407095X |9 3-534-07095-X | ||
| 035 | |a (DE-627)024231894 | ||
| 035 | |a (DE-576)008704589 | ||
| 035 | |a (DE-599)GBV024231894 | ||
| 035 | |a (OCoLC)9002298 | ||
| 035 | |a (OCoLC)09002298 | ||
| 035 | |a (DE-604)8012694533 | ||
| 035 | |a (DE-615)00163577 | ||
| 040 | |a DE-627 |b ger |c DE-627 |e rakwb | ||
| 041 | |a ger | ||
| 044 | |c XA-DE-HE | ||
| 082 | 0 | |a 338.9 |q OCLC | |
| 084 | |a 17 |2 sdnb | ||
| 084 | |a RE |2 fivr | ||
| 084 | |a SG |2 fivs | ||
| 084 | |a 1 |2 ssgn | ||
| 084 | |a QC 340 |2 rvk |0 (DE-625)rvk/141271: | ||
| 084 | |a MS 1170 |2 rvk |0 (DE-625)rvk/123552: | ||
| 084 | |a NW 2000 |2 rvk |0 (DE-625)rvk/131968: | ||
| 191 | |a 1 | ||
| 245 | 0 | 0 | |a Wirtschaftliche Entwicklung und sozialer Wandel |c hrsg. von Harald Winkel |
| 264 | 1 | |a Darmstadt |b Wiss. Buchges. |c 1981 | |
| 300 | |a VI, 406 S. |b graph. Darst. |c 20 cm | ||
| 336 | |a Text |b txt |2 rdacontent | ||
| 337 | |a ohne Hilfsmittel zu benutzen |b n |2 rdamedia | ||
| 338 | |a Band |b nc |2 rdacarrier | ||
| 490 | 1 | |a Wege der Forschung |v Bd. 493 | |
| 500 | |a Bibliogr. S. [393] - 406 | ||
| 583 | 1 | |a Archivierung/Langzeitarchivierung gewährleistet |f SSG |x XA-DE-BW |2 pdager |5 DE-21 | |
| 601 | |a Wirtschaft | ||
| 650 | 0 | 7 | |0 (DE-588)4318539-3 |0 (DE-627)127418636 |0 (DE-576)211202355 |a Sozioökonomischer Wandel |2 gnd |
| 650 | 0 | 7 | |0 (DE-588)4175047-0 |0 (DE-627)105367427 |0 (DE-576)209960973 |a Politischer Wandel |2 gnd |
| 650 | 0 | 7 | |0 (DE-588)4077587-2 |0 (DE-627)106079697 |0 (DE-576)209205733 |a Sozialer Wandel |2 gnd |
| 650 | 0 | 7 | |0 (DE-588)4077624-4 |0 (DE-627)104152036 |0 (DE-576)209205849 |a Soziologie |2 gnd |
| 650 | 0 | 7 | |0 (DE-588)4121207-1 |0 (DE-627)105771058 |0 (DE-576)209541350 |a Entwicklungstheorie |2 gnd |
| 650 | 0 | 7 | |0 (DE-588)4079351-5 |0 (DE-627)10448361X |0 (DE-576)20921225X |a Wirtschaftstheorie |2 gnd |
| 650 | 0 | 7 | |0 (DE-588)4066527-6 |0 (DE-627)106113232 |0 (DE-576)209164956 |a Wirtschaftswachstum |2 gnd |
| 650 | 4 | |a Afrika |x Sozioökonomischer Wandel |x Soziopolitischer Wandel |x Soziologie |x Entwicklungstheorie |x Wirtschaftstheorie |x Wirtschaftswachstum | |
| 651 | 7 | |0 (DE-588)4000695-5 |0 (DE-627)10437036X |0 (DE-576)208839046 |a Afrika |2 gnd | |
| 689 | 0 | 0 | |d s |0 (DE-588)4066438-7 |0 (DE-627)106113526 |0 (DE-576)20916459X |2 gnd |a Wirtschaftsentwicklung |
| 689 | 0 | 1 | |d s |0 (DE-588)4077587-2 |0 (DE-627)106079697 |0 (DE-576)209205733 |2 gnd |a Sozialer Wandel |
| 689 | 0 | |5 (DE-627) | |
| 700 | 1 | |e Hrsg. |0 (DE-588)120405849 |0 (DE-627)080655114 |0 (DE-576)163588384 |4 edt |a Winkel, Harald |d 1931-2005 | |
| 830 | 0 | |a Wege der Forschung |v Bd. 493 |9 493 |w (DE-627)130161314 |w (DE-576)015703800 |w (DE-600)518050-8 |x 0509-9609 |7 am | |
| 856 | 4 | 2 | |u http://ecx.images-amazon.com/images/I/31aw3TBKP9L._SL500_SY445_.jpg |x Verlag |y Cover |3 Cover |7 1 |
| 935 | |a mteo | ||
| 935 | |i Blocktest | ||
| 936 | r | v | |a QC 340 |b Allgemeines |k Wirtschaftswissenschaften |k Wirtschaftstheorie, einschließlich Geldtheorie |k Wert-, Preis- und Allokationstheorie |k Makroökonomische Theorie. Geldtheorie. Konjunkturtheorie. Wachstumstheorie |k Wachstums- und Entwicklungstheorie |k Allgemeines |0 (DE-627)1270742566 |0 (DE-625)rvk/141271: |0 (DE-576)200742566 |
| 936 | r | v | |a MS 1170 |b Sozialer Wandel (Modernisierung, Globalisierung etc.) |k Soziologie |k Spezielle Soziologien |k Gesamtgesellschaften |k Sozialer Wandel (Modernisierung, Globalisierung etc.) |0 (DE-627)1271440164 |0 (DE-625)rvk/123552: |0 (DE-576)201440164 |
| 936 | r | v | |a NW 2000 |b Einführungen, Problemschriften, Einzelbeiträge |k Geschichte |k Wirtschafts- und Sozialgeschichte |k Allgemeine Wirtschafts- und Sozialgeschichte |k Allgemeines zur Wirtschafts- und Sozialgeschichte mehrerer Staaten und Länder |k Einführungen, Problemschriften, Einzelbeiträge |0 (DE-627)1271494868 |0 (DE-625)rvk/131968: |0 (DE-576)201494868 |
| 936 | f | i | |0 (DE-627)1756132852 |a RE |b Afrika (insgesamt) |k Afrika (insgesamt) |2 fivr |
| 936 | f | i | |0 (DE-627)1756135894 |a SG |b Gesellschaft |k Gesellschaft |2 fivs |
| 938 | 1 | 0 | |0 (DE-627)1756190275 |0 (DE-615)6607367 |a Wirtschaftliche Entwicklung |2 fivt |
| 938 | 1 | 0 | |0 (DE-627)1756216428 |0 (DE-615)6604825 |a Sozialer Wandel |2 fivt |
| 938 | 1 | 0 | |0 (DE-627)1756204535 |0 (DE-615)6609557 |a Afrika |2 fivt |
| 938 | 1 | 0 | |0 (DE-627)1756139881 |0 (DE-615)6604258 |a Sozioökonomischer Wandel |2 fivt |
| 938 | 1 | 0 | |0 (DE-627)1756216258 |0 (DE-615)6605374 |a Politischer Wandel |2 fivt |
| 938 | 1 | 0 | |0 (DE-627)1756178089 |0 (DE-615)6608640 |a Soziologie |2 fivt |
| 938 | 1 | 0 | |0 (DE-627)1756159467 |0 (DE-615)6602561 |a Entwicklungstheorie |2 fivt |
| 938 | 1 | 0 | |0 (DE-627)1756177287 |0 (DE-615)6604182 |a Wirtschaftstheorie |2 fivt |
| 938 | 1 | 0 | |0 (DE-627)1756166250 |0 (DE-615)6601846 |a Wirtschaftswachstum |2 fivt |
| 951 | |a BO | ||
| ELC | |b 1 | ||
| ITA | |a 1 |t 1 | ||
| LOK | |0 000 xxxxxcx a22 zn 4500 | ||
| LOK | |0 001 317266239X | ||
| LOK | |0 003 DE-627 | ||
| LOK | |0 004 024231894 | ||
| LOK | |0 005 20020611000000 | ||
| LOK | |0 008 951127||||||||||||||||ger||||||| | ||
| LOK | |0 040 |a DE-21 |c DE-627 |d DE-21 | ||
| LOK | |0 852 |a DE-21 | ||
| LOK | |0 852 1 |c 21 A 19987 |9 00 | ||
| LOK | |0 935 |a comp |a konv | ||
| LOK | |0 939 |a 27-11-95 |b l01 | ||
| LOK | |0 000 xxxxxcx a22 zn 4500 | ||
| LOK | |0 001 3172662489 | ||
| LOK | |0 003 DE-627 | ||
| LOK | |0 004 024231894 | ||
| LOK | |0 005 20090723164526 | ||
| LOK | |0 008 980915||||||||||||||||ger||||||| | ||
| LOK | |0 040 |a DE-21-35 |c DE-627 |d DE-21-35 | ||
| LOK | |0 541 |e 1982/67586 | ||
| LOK | |0 852 |a DE-21-35 | ||
| LOK | |0 852 1 |c Pc 3.104 |m p |9 00 | ||
| LOK | |0 938 |k p | ||
| LOK | |0 939 |a 15-09-98 |b l01 | ||
| ORI | |a SA-MARC-ixtheoa001.raw | ||
| REL | |a 1 | ||
| STA | 0 | 0 | |a Africa,Africa,Development theory,Economic development,Economic change,Economic growth,Growth,Growth,Economy,Economy,Economics,Political change,Change,Social change,Social change,Change,Socioeconomic change,Social change,Sociology |
| STB | 0 | 0 | |a Afrique,Changement politique,Changement social,Changement social,Changement socioéconomique,Mutation socioéconomique,Mutation socioéconomique,Croissance économique,Développement économique,Sociologie,Théorie du développement,Théorie économique |
| STC | 0 | 0 | |a Cambio político,Cambio social,Cambio social,Cambio socioeconómico,Crecimiento económico,Desarrollo,Sociología,Teoría del desarrollo,Teoría económica,África |
| STD | 0 | 0 | |a Africa,Cambiamento politico,Cambiamento sociale,Cambiamento sociale,Cambiamento socio-economico,Crescita economica,Sociologia,Sviluppo economico,Teoria dello sviluppo,Teoria economica |
| STE | 0 | 0 | |a 政治变化,政治变迁,政治转变,社会变迁,社会改变,社会学,社会经济变革,经济发展,经济增长,经济理论 |
| STF | 0 | 0 | |a 政治變化,政治變遷,政治轉變,社會學,社會經濟變革,社會變遷,社會改變,經濟增長,經濟理論,經濟發展 |
| STG | 0 | 0 | |a Crescimento econômico,Desenvolvimento econômico,Mudança política,Mudança social,Mudança social,Mudança socioeconômica,Sociologia,Teoria do desenvolvimento,Teoria econômica,África |
| STH | 0 | 0 | |a Африка (мотив),Изменение политики,Развитие экономики,Социальная перемена (мотив),Социальная перемена,Социология,Социоэкономическая перемена,Теория развития,Теория экономики,Экономический рост |
| STI | 0 | 0 | |a Αφρική (μοτίβο),Θεωρία ανάπτυξης,Αναπτυξιακή θεωρία,Κοινωνική αλλαγή (μοτίβο),Κοινωνική αλλαγή,Κοινωνικοοικονομική αλλαγή,Κοινωνιολογία,Οικονομική ανάπτυξη,Οικονομική θεωρία,Πολιτική αλλαγή |
| SUB | |a REL | ||
| SYE | 0 | 0 | |a Sozioökonomische Entwicklung,Sozioökonomisches System,Sozioökonomisches System,Wirtschaftsentwicklung , Political change,Systemtransformation,Systemwandel,Systemwechsel,Politische Entwicklung , Gesellschaft,Gesellschaft,Gesellschaftlicher Wandel,Gesellschaftswandel,Soziale Änderung,Soziale Veränderung,Social change,Cultural change,Gesellschaftliche Entwicklung,Gesellschaftlicher Strukturwandel,Gesellschaftlicher Wandel,Kulturwandel,Soziale Entwicklung,Soziokulturelle Evolution,Gesellschaft,Gesellschaft,Gesellschaftlicher Wandel,Gesellschaftswandel,Soziale Änderung,Soziale Veränderung,Gesellschaft , Allgemeine Soziologie,Gesellschaftslehre,Gesellschaft,Gesellschaftstheorie,Sozialtheorie,Soziallehre , Ökonomische Theorie,Volkswirtschaftstheorie,Sozialökonomie,Sozialökonomik,Sozioökonomie , Wachstum,Wirtschaftliches Wachstum , Subsaharisches Afrika,Africa,Afrikanische Länder,Afrikanische Staaten |
| SYF | 0 | 0 | |a Subsaharisches Afrika,Africa,Afrikanische Länder,Afrikanische Staaten |
| SYG | 0 | 0 | |a Wirtschaftliche Entwicklung,Wirtschaftsdynamik,Wirtschaftswandel,Wirtschaftlicher Wandel,Ökonomische Entwicklung , Gesellschaft,Gesellschaft,Gesellschaftlicher Wandel,Gesellschaftswandel,Soziale Änderung,Soziale Veränderung,Social change,Cultural change,Gesellschaftliche Entwicklung,Gesellschaftlicher Strukturwandel,Gesellschaftlicher Wandel,Kulturwandel,Soziale Entwicklung,Soziokulturelle Evolution,Gesellschaft,Gesellschaft,Gesellschaftlicher Wandel,Gesellschaftswandel,Soziale Änderung,Soziale Veränderung,Gesellschaft |



